000 00715nam a2200253I 4500
001 23595
003 BD-RjUL
005 20211209000940.0
008 140311t1970 e 1 eng c
020 _a04925006X
035 _a(BD-RjUL)23660
040 _aOhio Univ Lib
_beng
_cDLC
_dBD-RjUL
041 _aeng
082 0 4 _a925
_bHUM 1970
100 1 1 _aHuxley, Julian,
_d1887-1975.
_937359
245 1 _aMemories /
_c[by] Julian Huxley.
260 _aLondon :
_bGeorge Allen and Unwin,
_c1970.
300 _a296 p. :
_billus., facsims, ports. ;
_c25 cm.
504 _aincludes index.
650 0 _aBiologists
_xBiography.
_972636
942 _2ddc
_cBK
999 _c23595
_d23595